Biên mục mô tả trong nghiệp vụ thư viện

Cuốn sách trình bày các quy tắc cơ bản của việc mô tả tài liệu thư viện, nhằm thiết lập một mục lục (danh mục) tài liệu mà một thư viện hay một hệ thống thư viện sở hữu để độc giả có thể tra tìm. Nội dung cuốn sách được chia làm...

Ful tanımlama

Kaydedildi:
Detaylı Bibliyografya
Yazar: Lê Ngọc Oánh
Diğer Yazarlar: Nguyễn Thị Trúc Hà
Materyal Türü: Kitap
Dil:Vietnamese
Baskı/Yayın Bilgisi: H. Thông tin và truyền thông 2019
Konular:
Etiketler: Etiketle
Etiket eklenmemiş, İlk siz ekleyin!
Thư viện lưu trữ: Thư viện Trường Đại học Nam Cần Thơ
LEADER 01691nam a22002297a 4500
001 NCT_79635
008 200511b xxu||||| |||| 00| 0 vie d
999 |c 3895  |d 3895 
020 |a 9786048040581  |c 155000 
082 0 4 |2 23rd ed.  |a 025.32  |b O408 
100 1 |a Lê Ngọc Oánh 
245 1 0 |a Biên mục mô tả trong nghiệp vụ thư viện  |c Lê Ngọc Oánh, Nguyễn Thị Trúc Hà 
260 |a H.  |b Thông tin và truyền thông  |c 2019 
300 |a 403 tr.  |b Minh họa  |c 24cm 
520 3 |a Cuốn sách trình bày các quy tắc cơ bản của việc mô tả tài liệu thư viện, nhằm thiết lập một mục lục (danh mục) tài liệu mà một thư viện hay một hệ thống thư viện sở hữu để độc giả có thể tra tìm. Nội dung cuốn sách được chia làm 2 phần: Phần 1: Mô tả thư tịch gồm 7 chương; Phần 2: Tiêu đề, nhan đề đồng nhất và các tham chiếu gồm 8 chương. 
653 |a Thông tin thư viện 
700 1 |a Nguyễn Thị Trúc Hà 
942 |2 ddc  |c BK 
952 |0 0  |1 0  |2 ddc  |4 0  |6 025_320000000000000_O408  |7 0  |9 19525  |a 000001  |b 000001  |d 2020-05-11  |o 025.32 O408  |p TK.02016  |r 2020-05-11  |v 155000.00  |w 2020-05-11  |y BK 
952 |0 0  |1 0  |2 ddc  |4 0  |6 025_320000000000000_O408  |7 0  |9 19526  |a 000001  |b 000001  |d 2020-05-11  |o 025.32 O408  |p TK.02017  |r 2020-05-11  |v 155000.00  |w 2020-05-11  |y BK 
952 |0 0  |1 0  |2 ddc  |4 0  |6 025_320000000000000_O408  |7 0  |9 19527  |a 000001  |b 000001  |d 2020-05-11  |o 025.32 O408  |p TK.02018  |r 2020-05-11  |v 155000.00  |w 2020-05-11  |y BK 
980 |a Thư viện Trường Đại học Nam Cần Thơ